000 00845nam a2200229 4500
005 20250120165212.0
007 ta
008 220321s2005 sp |||||r|||| 00| 0 spa d
020 _a8482399063
040 _avecauma
_cvecauma
_dvecauma
099 _aCB428
_bD5
100 1 _9161
_aDíaz, Carlos,
_d1944-
245 1 0 _aEste hombre, este mundo
260 _aMadrid :
_bEdiciones Palabra,
_c2005.
300 _a260 p
490 0 _aBiblioteca Palabra. Serie Pensamiento
_v28
520 _aEsta obra reflexiona sobre las principales claves de un mundo en transformación: el sentido de la democracia, el islamismo, la natalidad, los medios de comunicación, la religión y el laicismo, la justicia social.
650 0 _aCIVILIZACION
_ySIGLO XX
_9162
650 0 _aVALORES SOCIALES
_ySIGLO XX
_9163
942 _2lcc
_n0
_cBK
999 _c94
_d94